| Tag |
First Indicator |
Second Indicator |
Subfields |
| LEADER |
00000cam a22000008a 4500 |
| 001 |
in00001199727 |
| 005 |
20151002060619.0 |
| 008 |
931216s1994 enka b 001 0 eng |
| 010 |
|
|
|a 93048085
|
| 020 |
|
|
|a 0750618450 :
|c £100.00
|
| 035 |
|
|
|a (OCoLC)29596088
|
| 035 |
|
|
|9 AGJ0899AM
|
| 040 |
|
|
|a DLC
|c DLC
|d GZM
|d TMV
|d TXA
|d UtOrBLW
|
| 049 |
|
|
|a TXAM
|
| 050 |
0 |
0 |
|a TP248.27.A53
|b A546 1994
|
| 082 |
0 |
0 |
|a 660/.6
|2 20
|
| 245 |
0 |
0 |
|a Animal cell technology :
|b products of today, prospects for tomorrow /
|c editors R.E. Spier, J.B. Griffiths, W. Berthold.
|
| 264 |
|
1 |
|a Oxford ;
|a Boston :
|b Butterworth-Heinemann,
|c 1994.
|
| 300 |
|
|
|a xxii, 830 pages :
|b illustrations ;
|c 24 cm.
|
| 336 |
|
|
|a text
|b txt
|2 rdacontent
|
| 337 |
|
|
|a unmediated
|b n
|2 rdamedia
|
| 338 |
|
|
|a volume
|b nc
|2 rdacarrier
|
| 504 |
|
|
|a Includes bibliographical references and indexes.
|
| 505 |
0 |
|
|a Making and selecting recombinant cell lines -- Cell line characterisation -- Complex media formulations -- Protein and or serum free cultures -- Ammonia/glutamine and other inhibitors -- Apoptosis and cell biology -- Perfusion cultures and segragation methods -- Fixed and fluidized beds -- Porous microcarriers -- Hollow fibre bioreactors -- Novel bioreactors -- Bioreactor comparisons -- Novel measurements and assays -- Physical factors in bioreactors -- Bioreactor operation strategies -- Kinetics and modelling -- Downstream processing -- Products from animal cells in culture -- Post translational modifications -- Cells in culture for toxicology studies -- Product safety and consistency testing.
|
| 650 |
|
0 |
|a Animal cell biotechnology.
|
| 700 |
1 |
|
|a Spier, R.
|q (Raymond)
|
| 700 |
1 |
|
|a Griffiths, J. B.
|
| 700 |
1 |
|
|a Berthold, W.
|q (Werner)
|
| 999 |
|
|
|a MARS
|
| 999 |
f |
f |
|s 4aed4710-912c-35d0-8b41-daaf4cc029c6
|i fdea6766-5290-372e-9e88-d3339713d179
|t 0
|
| 952 |
f |
f |
|p ric
|a Texas A&M University
|b Rellis Campus
|c Joint Library Facility
|d Remote Storage
|t 0
|e TP248.27.A53 A546 1994
|h Library of Congress classification
|i unmediated -- volume
|m A14818524227
|
| 998 |
f |
f |
|a TP248.27.A53 A546 1994
|t 0
|l Remote Storage
|